<?xml version="1.0" encoding="UTF-8"?>
<record
    xmlns:xsi="http://www.w3.org/2001/XMLSchema-instance"
    xsi:schemaLocation="http://www.loc.gov/MARC21/slim http://www.loc.gov/standards/marcxml/schema/MARC21slim.xsd"
    xmlns="http://www.loc.gov/MARC21/slim">

  <leader>02568nam a2200205   4500</leader>
  <controlfield tag="005">20260204140649.0</controlfield>
  <controlfield tag="008">260129b        |||||||| |||| 00| 0 eng d</controlfield>
  <datafield tag="020" ind1=" " ind2=" ">
    <subfield code="a">9788417656744</subfield>
  </datafield>
  <datafield tag="041" ind1=" " ind2=" ">
    <subfield code="a">English</subfield>
  </datafield>
  <datafield tag="082" ind1=" " ind2=" ">
    <subfield code="a">745.5</subfield>
    <subfield code="b">YOU</subfield>
  </datafield>
  <datafield tag="100" ind1=" " ind2=" ">
    <subfield code="a">Young Anastasia</subfield>
    <subfield code="9">216535</subfield>
  </datafield>
  <datafield tag="245" ind1=" " ind2=" ">
    <subfield code="a">New Jewellery Techniques: Curved Scoring and Folding for Metalwork and Silversmithing</subfield>
  </datafield>
  <datafield tag="260" ind1=" " ind2=" ">
    <subfield code="a">Spain</subfield>
    <subfield code="b">Hoaki</subfield>
    <subfield code="c">2024</subfield>
  </datafield>
  <datafield tag="300" ind1=" " ind2=" ">
    <subfield code="a">168</subfield>
  </datafield>
  <datafield tag="365" ind1=" " ind2=" ">
    <subfield code="b">2281.03</subfield>
    <subfield code="c">Rs.00</subfield>
  </datafield>
  <datafield tag="520" ind1=" " ind2=" ">
    <subfield code="a">PART ONE INTRODUCTION
&#x2022;	A Brief History of Scoring and Folding
&#x2022;	Contemporary Influences
&#x2022;	Philosophy and Applications
PART TWO DIRECTORY OF TOOLS AND MATERIALS
&#x2022;	Base and Ferrous Metals
&#x2022;	Precious Metals
&#x2022;	Tools for Scoring
&#x2022;	Forming Tools
&#x2022;	Tools for Cutting and Measuring
&#x2022;	Heating Tools and Equipment
&#x2022;	Other Resources
&#x2022;	Workshop Facilities
&#x2022;	Health and Safety in the Workshop
DIRECTORY OF TECHNIQUES
PRINCIPLES OF SCORING
&#x2022;	Annealing Metal
&#x2022;	Preparing the Wire for Scoring
&#x2022;	Shaping Score Wire
&#x2022;	Overview of Scoring Techniques
&#x2022;	Rolling Mill Scores
&#x2022;	Scoring with a Hammer and Block
&#x2022;	Scoring with a Planishing Press
&#x2022;	Scoring with a Vice and Blocks
&#x2022;	Scoring with a Fly Press Traditional Scoring Techniques
&#x2022;	Curved Scoring with Traditional Tools
&#x2022;	Alternative Scoring Techniques
SINGLE-SIDED SCORES
&#x2022;	Squares and Rectangles.
&#x2022;	Single Curved-Score Fold
&#x2022;	Squares and Rectangles
&#x2022;	Double Curved-Score Fold
&#x2022;	Circles and Ovals
&#x2022;	Scores in Linear Forms
&#x2022;	The Golden Spiral
&#x2022;	Circles with Cut-Outs
&#x2022;	Linear Spiral
DOUBLE-SIDED SCORES
&#x2022;	Linear Scores
&#x2022;	Linear Scores: Variations
&#x2022;	Radial Scores
&#x2022;	Cut-Outs
&#x2022;	Partial Scores
PROJECTS
&#x2022;	Project One: Navette Brooch
&#x2022;	Project Two: Triangular Dish
&#x2022;	Project Three: Fortune Cookie Pendant
COMBINING TECHNIQUES
&#x2022;	Textures
&#x2022;	Saw Piercing
&#x2022;	Curved Surfaces
&#x2022;	Curved Surfaces: Metalsmithing
&#x2022;	Finishing Techniques
&#x2022;	Colouring and Patination
&#x2022;	Riveting
&#x2022;	Soldering
&#x2022;	Troubleshooting
PART THREE DESIGN
&#x2022;	Introduction to Design
&#x2022;	Geometric Shapes
&#x2022;	Radial Scores: Variations
&#x2022;	Biomorphism
&#x2022;	Technical Exploration and Design
&#x2022;	Modelmaking
&#x2022;	Prototypes
&#x2022;	Record Keeping
&#x2022;	Practical Considerations for Design
REFERENCE
1.	Wire and Sheet Comparisons for Scoring
2.	Circle Dividers
3.	Radial Grid Template
4.	Square Grid Template
5.	Geometric Shapes
6.	Key to Template Diagrams
7.	Conversion tables
</subfield>
  </datafield>
  <datafield tag="650" ind1=" " ind2=" ">
    <subfield code="a">Jewellery</subfield>
  </datafield>
  <datafield tag="700" ind1=" " ind2=" ">
    <subfield code="a">Wells Paul</subfield>
    <subfield code="9">216536</subfield>
  </datafield>
  <datafield tag="942" ind1=" " ind2=" ">
    <subfield code="c">BK</subfield>
  </datafield>
  <datafield tag="999" ind1=" " ind2=" ">
    <subfield code="c">370234</subfield>
    <subfield code="d">370234</subfield>
  </datafield>
  <datafield tag="952" ind1=" " ind2=" ">
    <subfield code="0">0</subfield>
    <subfield code="1">0</subfield>
    <subfield code="2">ddc</subfield>
    <subfield code="4">0</subfield>
    <subfield code="7">0</subfield>
    <subfield code="a">SOFT</subfield>
    <subfield code="b">SOFT</subfield>
    <subfield code="d">2026-01-27</subfield>
    <subfield code="e">Design Book Studio</subfield>
    <subfield code="g">2281.03</subfield>
    <subfield code="i">281</subfield>
    <subfield code="l">0</subfield>
    <subfield code="o">745.5 YOU</subfield>
    <subfield code="p">SOFT-BK-4899</subfield>
    <subfield code="r">2026-01-29 07:55:23</subfield>
    <subfield code="t">33%</subfield>
    <subfield code="v">3404.52</subfield>
    <subfield code="w">2025-12-12</subfield>
    <subfield code="y">BK</subfield>
  </datafield>
</record>
